000 00596nam a2200193Ia 4500
005 20260114185557.0
008 008 260114s9999 xx 000 0 eng d
020 _a9781350150362
037 _aEBOOK
040 _aCRL
_beng
_cCRL
041 _aeng
_2eng
084 _qCRL
100 _aMaria Todorova
_9871775
245 4 _aThe Lost World of Socialists at Europe?s Margins Imagining Utopia, 1870s - 1920s
260 _bBloomsbury
_c2020
856 _uhttps://doi.org/10.5040/9781350150362?locatt=label:secondary_bloomsburyCollections
942 _cEBOOK
999 _c1470723
_d1470723